[Event "Wattens op 14th"]
[Site "Wattens"]
[Date "1999.??.??"]
[Round "9"]
[White "Ferrari, Josef"]
[Black "Biriescu, Ioan"]
[Result "0-1"]
[WhiteElo "2120"]
[BlackElo "2330"]
[PlyCount "60"]
[EventDate "1999.??.??"]
[EventType "swiss"]
[EventRounds "9"]
[EventCountry "AUT"]
[SourceTitle "EXT 2001"]
[Source "ChessBase"]
[SourceDate "2000.11.22"]
[SourceVersion "1"]
[SourceVersionDate "2000.11.22"]
[SourceQuality "1"]

1. d4 Nf6 2. c4 c5 3. Nf3 cxd4 4. Nxd4 Nc6 5. Nc3 Qb6 6. Nc2 e6 7. g3 Ne5 8. Ne3 Bb4 9. Bg2 0-0 10. 0-0 Bxc3 11. bxc3 d6 12. Ba3 Rd8 13. Rb1 Qc7 14. Qb3 Rb8 15. Rfd1 b6 16. c5 d5 17. cxb6 Rxb6 18. Bb4 Nc6 19. Qa3 Ba6 20. Bf3 Qb7 21. Rb3 Nd7 22. Be7 Rc8 23. Bd6 Nce5 24. Bxe5 Nxe5 25. Bxd5 exd5 26. Nxd5 Bxe2 27. Rxb6 axb6 28. Ne7+ Kh8 29. f4 Re8 30. fxe5 Bxd1 0-1

[Event "Wattens op 14th"]
[Site "Wattens"]
[Date "1999.??.??"]
[Round "7"]
[White "Jedinger, Andreas"]
[Black "Biriescu, Ioan"]
[Result "1/2-1/2"]
[WhiteElo "2120"]
[BlackElo "2330"]
[PlyCount "50"]
[EventDate "1999.??.??"]
[EventType "swiss"]
[EventRounds "9"]
[EventCountry "AUT"]
[SourceTitle "EXT 2001"]
[Source "ChessBase"]
[SourceDate "2000.11.22"]
[SourceVersion "1"]
[SourceVersionDate "2000.11.22"]
[SourceQuality "1"]

1. e4 c5 2. Nf3 g6 3. d4 cxd4 4. Nxd4 Nc6 5. c4 Nf6 6. Nc3 d6 7. Be2 Nxd4 8. Qxd4 Bg7 9. Be3 0-0 10. Qd2 Be6 11. Rc1 Qa5 12. 0-0 a6 13. f4 b5 14. e5 dxe5 15. fxe5 Nd7 16. cxb5 axb5 17. Bxb5 Nxe5 18. a4 Nc4 19. Bxc4 Bxc4 20. Rf4 Bb3 21. Re4 e6 22. Qf2 Rab8 23. h3 Rfc8 24. Kh1 Rb4 25. Qh4 Rb7 1/2-1/2

[Event "Wattens op 14th"]
[Site "Wattens"]
[Date "1999.??.??"]
[Round "5"]
[White "Netolitzky, Gregor"]
[Black "Biriescu, Ioan"]
[Result "1/2-1/2"]
[WhiteElo "2215"]
[BlackElo "2330"]
[PlyCount "39"]
[EventDate "1999.??.??"]
[EventType "swiss"]
[EventRounds "9"]
[EventCountry "AUT"]
[SourceTitle "EXT 2001"]
[Source "ChessBase"]
[SourceDate "2000.11.22"]
[SourceVersion "1"]
[SourceVersionDate "2000.11.22"]
[SourceQuality "1"]

1. c4 c5 2. g3 g6 3. Bg2 Bg7 4. Nc3 Nc6 5. a3 Nf6 6. Rb1 a5 7. Nf3 0-0 8. 0-0 d5 9. cxd5 Nxd5 10. Nxd5 Qxd5 11. d3 b6 12. Qa4 Bd7 13. Qh4 Qa2 14. Bh6 f6 15. Bxg7 Kxg7 16. d4 cxd4 17. Nxd4 Rac8 18. Nxc6 Bxc6 19. Bxc6 Rxc6 20. Qe4 1/2-1/2

[Event "Wattens op 12th"]
[Site "Wattens"]
[Date "1997.??.??"]
[Round "?"]
[White "Biriescu, Ioan"]
[Black "Kupfner, Franz"]
[Result "0-1"]
[WhiteElo "2335"]
[BlackElo "2125"]
[PlyCount "74"]
[EventDate "1997.??.??"]
[EventType "swiss"]
[EventRounds "9"]
[EventCountry "AUT"]
[SourceTitle "EXT 2000"]
[Source "ChessBase"]
[SourceDate "1999.11.16"]
[SourceVersion "1"]
[SourceVersionDate "1999.11.16"]
[SourceQuality "1"]

1. e4 c5 2. Nf3 d6 3. d4 cxd4 4. Qxd4 Nc6 5. Bb5 Bd7 6. Bxc6 Bxc6 7. Bg5 Nf6 8. Bxf6 gxf6 9. Nc3 Rg8 10. 0-0-0 Qa5 11. Kb1 Qc5 12. g3 e6 13. Qd3 a6 14. Rhe1 0-0-0 15. Nd4 Bd7 16. Re3 Kb8 17. Nb3 Qb6 18. Qe2 Be7 19. Rd4 Bc6 20. a3 Ka8 21. Rb4 Qa7 22. Na5 Rc8 23. Nc4 b5 24. Na5 Bd7 25. Nb3 d5 26. Rd4 dxe4 27. Nxe4 Bc6 28. Nd6 Bxd6 29. Rxd6 Rgd8 30. Red3 Rxd6 31. Rxd6 Bd5 32. Qd2 f5 33. Qa5 Bb7 34. Rd7 Qxf2 35. Nd4 Qf1+ 36. Ka2 Qc4+ 37. b3 Qc5 0-1

[Event "Wattens op 12th"]
[Site "Wattens"]
[Date "1997.??.??"]
[Round "?"]
[White "Biriescu, Ioan"]
[Black "Lawitsch, Guenther"]
[Result "1-0"]
[WhiteElo "2335"]
[BlackElo "2300"]
[PlyCount "23"]
[EventDate "1997.??.??"]
[EventType "swiss"]
[EventRounds "9"]
[EventCountry "AUT"]
[SourceTitle "EXT 2000"]
[Source "ChessBase"]
[SourceDate "1999.11.16"]
[SourceVersion "1"]
[SourceVersionDate "1999.11.16"]
[SourceQuality "1"]

1. e4 e5 2. Nf3 Nf6 3. Nc3 Bb4 4. Bc4 Nc6 5. Nd5 Ba5 6. 0-0 Nxe4 7. d4 0-0 8. dxe5 h6 9. Qe2 Ng5 10. Nxg5 hxg5 11. Qh5 Nxe5 12. Bxg5 1-0

[Event "Wattens op 09th"]
[Site "Wattens"]
[Date "1994.??.??"]
[Round "2"]
[White "Biriescu, Ioan"]
[Black "Gruenstaeudl, Wolfgang"]
[Result "1-0"]
[WhiteElo "2340"]
[BlackElo "1960"]
[PlyCount "59"]
[EventDate "1994.??.??"]
[EventType "swiss"]
[EventRounds "9"]
[EventCountry "AUT"]
[SourceTitle "EXT 2000"]
[Source "ChessBase"]
[SourceDate "1999.11.16"]
[SourceVersion "1"]
[SourceVersionDate "1999.11.16"]
[SourceQuality "1"]

1. e4 Nc6 2. Nf3 f5 3. exf5 d5 4. Bb5 Bxf5 5. Ne5 Qd6 6. d4 Nf6 7. 0-0 Nd7 8. Bxc6 bxc6 9. Bf4 Nxe5 10. Bxe5 Qd7 11. Qh5+ Bg6 12. Qe2 e6 13. Re1 Qf7 14. Qa6 Kd7 15. Nd2 Be7 16. c4 Rhb8 17. Nb3 Bd3 18. Qa5 Rb7 19. cxd5 exd5 20. Qc3 Bc4 21. Qh3+ Kd8 22. Nc5 Bxc5 23. dxc5 Qg6 24. Rad1 Bxa2 25. Rd3 Qh6 26. Qxh6 gxh6 27. Bf6+ Kd7 28. Re7+ Kd8 29. Rde3 Rbb8 30. Re8+ 1-0

[Event "Wattens op 09th"]
[Site "Wattens"]
[Date "1994.??.??"]
[Round "5"]
[White "Gurevich, Vladimir"]
[Black "Biriescu, Ioan"]
[Result "1/2-1/2"]
[WhiteElo "2420"]
[BlackElo "2340"]
[PlyCount "29"]
[EventDate "1994.??.??"]
[EventType "swiss"]
[EventRounds "9"]
[EventCountry "AUT"]
[SourceTitle "EXT 2000"]
[Source "ChessBase"]
[SourceDate "1999.11.16"]
[SourceVersion "1"]
[SourceVersionDate "1999.11.16"]
[SourceQuality "1"]

1. e4 c5 2. Nf3 g6 3. Nc3 Bg7 4. d4 cxd4 5. Nxd4 Nc6 6. Be3 Nf6 7. Nb3 0-0 8. Be2 d6 9. 0-0 Be6 10. f4 Qc8 11. Kh1 Rd8 12. Bg1 Bg4 13. Bxg4 Qxg4 14. Rf3 e5 15. h3 1/2-1/2

[Event "ROM-chT"]
[Site "Romania"]
[Date "1993.??.??"]
[Round "2"]
[White "Biriescu, Ioan"]
[Black "Puscasiu, Octavian"]
[Result "1/2-1/2"]
[WhiteElo "2340"]
[BlackElo "2325"]
[PlyCount "48"]
[EventDate "1993.??.??"]
[EventType "team"]
[EventRounds "9"]
[EventCountry "ROU"]
[SourceTitle "EXT 1998"]
[Source "ChessBase"]
[SourceDate "1997.11.17"]
[SourceVersion "1"]
[SourceVersionDate "1997.11.17"]
[SourceQuality "1"]

1. e4 Nc6 2. Nf3 d6 3. h3 Nf6 4. Nc3 g6 5. d4 Bg7 6. Bg5 a6 7. Qd2 b5 8. a3 0-0 9. Be2 Bb7 10. 0-0 Nb8 11. Qe3 Re8 12. Rfe1 Nbd7 13. e5 Nd5 14. Nxd5 Bxd5 15. Bh6 Bh8 16. b3 Rb8 17. Rad1 Nb6 18. Nd2 dxe5 19. dxe5 Qc8 20. Bf3 Bg7 21. Bxg7 Kxg7 22. Bxd5 Nxd5 23. Qd4 Rd8 24. Ne4 Nf4 1/2-1/2

[Event "ROM-chT"]
[Site "Romania"]
[Date "1993.??.??"]
[Round "7"]
[White "Ghinda, Mihail Viorel"]
[Black "Biriescu, Ioan"]
[Result "0-1"]
[WhiteElo "2450"]
[BlackElo "2340"]
[PlyCount "86"]
[EventDate "1993.??.??"]
[EventType "team"]
[EventRounds "9"]
[EventCountry "ROU"]
[SourceTitle "EXT 1998"]
[Source "ChessBase"]
[SourceDate "1997.11.17"]
[SourceVersion "1"]
[SourceVersionDate "1997.11.17"]
[SourceQuality "1"]

1. Nf3 c5 2. e4 g6 3. d4 cxd4 4. Nxd4 Nc6 5. c4 Nf6 6. Nc3 Nxd4 7. Qxd4 d6 8. Bg5 Bg7 9. f3 0-0 10. Qd2 Be6 11. Rc1 Qa5 12. Nd5 Qxa2 13. Nxe7+ Kh8 14. Be2 Nd7 15. b4 Qa3 16. 0-0 a5 17. f4 Nf6 18. Bxf6 Bxf6 19. f5 Qxb4 20. Qxb4 axb4 21. fxe6 fxe6 22. Rb1 Bd4+ 23. Kh1 Rxf1+ 24. Bxf1 Bc3 25. g3 Re8 26. Nd5 exd5 27. exd5 Ra8 28. Kg2 Ra2+ 29. Kf3 Rxh2 30. Bg2 Rh5 31. g4 Re5 32. Bf1 Kg7 33. Bd3 Kf6 34. Rh1 Re7 35. Bc2 b6 36. Kf4 Bd2+ 37. Kf3 Kg5 38. Rg1 Re3+ 39. Kg2 Rc3 40. Bb1 Rxc4 41. Kf3 Rf4+ 42. Ke2 Bc3 43. Rh1 h6 0-1

[Event "ROM-chT"]
[Site "Romania"]
[Date "1992.??.??"]
[Round "?"]
[White "Biriescu, Ioan"]
[Black "Grigore, George Gabriel"]
[Result "1/2-1/2"]
[WhiteElo "2355"]
[BlackElo "2430"]
[PlyCount "84"]
[EventDate "1992.??.??"]
[EventType "team"]
[EventRounds "9"]
[EventCountry "ROU"]
[SourceTitle "EXT 1997"]
[Source "ChessBase"]
[SourceDate "1996.11.15"]
[SourceVersion "1"]
[SourceVersionDate "1996.11.15"]
[SourceQuality "1"]

1. e4 c5 2. Nf3 Nc6 3. Bb5 g6 4. 0-0 Bg7 5. c3 Nf6 6. Qa4 Qc7 7. Re1 a6 8. d4 cxd4 9. cxd4 d5 10. e5 Ne4 11. Nc3 Nxc3 12. bxc3 Bd7 13. Bxc6 Qxc6 14. Qa3 h6 15. h3 Rc8 16. Bd2 g5 17. Nh2 Qa4 18. Qxa4 Bxa4 19. Rab1 Bb5 20. Nf1 Kd7 21. Ng3 h5 22. a4 Bxa4 23. Rxb7+ Rc7 24. e6+ fxe6 25. Rxc7+ Kxc7 26. Rxe6 Bf6 27. Rxa6 Bb5 28. Ra1 Bd3 29. Nf1 Rb8 30. h4 Rg8 31. hxg5 Bxg5 32. Bxg5 Rxg5 33. Ne3 e6 34. Ra8 Kd6 35. Rh8 Rg7 36. Rxh5 Rc7 37. g4 Rxc3 38. Kg2 Be4+ 39. Kg3 Rd3 40. Rh6 Rxd4 41. Nf5+ Bxf5 42. gxf5 Re4 1/2-1/2

[Event "ROM-chT"]
[Site "Romania"]
[Date "1992.??.??"]
[Round "?"]
[White "Biriescu, Ioan"]
[Black "Milu, Romeo Sorin"]
[Result "1/2-1/2"]
[WhiteElo "2355"]
[BlackElo "2400"]
[PlyCount "20"]
[EventDate "1992.??.??"]
[EventType "team"]
[EventRounds "9"]
[EventCountry "ROU"]
[SourceTitle "EXT 1997"]
[Source "ChessBase"]
[SourceDate "1996.11.15"]
[SourceVersion "1"]
[SourceVersionDate "1996.11.15"]
[SourceQuality "1"]

1. e4 c5 2. Nf3 d6 3. d4 Nf6 4. dxc5 Qa5+ 5. Bd2 Qxc5 6. Nc3 a6 7. Be3 Qa5 8. Nd2 Nbd7 9. Nc4 Qd8 10. a4 b6 1/2-1/2

[Event "ROM-ch"]
[Site "Predeal"]
[Date "1988.??.??"]
[Round "17"]
[White "Biriescu, Ioan"]
[Black "Badea, Bela"]
[Result "1/2-1/2"]
[WhiteElo "2370"]
[BlackElo "2365"]
[PlyCount "69"]
[EventDate "1988.??.??"]
[EventType "tourn"]
[EventRounds "16"]
[EventCountry "ROU"]
[EventCategory "7"]
[SourceTitle "EXT 1997"]
[Source "ChessBase"]
[SourceDate "1996.11.15"]
[SourceVersion "1"]
[SourceVersionDate "1996.11.15"]
[SourceQuality "1"]

1. e4 c5 2. Nf3 d6 3. d4 cxd4 4. Nxd4 Nf6 5. Nc3 a6 6. Bg5 e6 7. f4 Qc7 8. Qe2 Nc6 9. 0-0-0 Be7 10. Nf3 0-0 11. Qe1 Rd8 12. Bd3 Nb4 13. Rf1 b5 14. e5 Nxd3+ 15. Rxd3 dxe5 16. Rxd8+ Qxd8 17. fxe5 Nd7 18. h4 h6 19. Bxe7 Qxe7 20. Ne4 Bb7 21. g4 Bxe4 22. Qxe4 Rc8 23. g5 Nc5 24. Qe2 Na4 25. a3 Nc3 26. Qd3 Nd5 27. gxh6 gxh6 28. Rg1+ Kf8 29. Qh7 Qc5 30. Rg8+ Ke7 31. Rxc8 Qxc8 32. Qxh6 Qc4 33. Qg5+ Kd7 34. Nd2 Qe2 35. Qg1 1/2-1/2

[Event "ROM-ch"]
[Site "Predeal"]
[Date "1988.??.??"]
[Round "8"]
[White "Biriescu, Ioan"]
[Black "Stoica, Valentin"]
[Result "1/2-1/2"]
[WhiteElo "2370"]
[BlackElo "2445"]
[PlyCount "49"]
[EventDate "1988.??.??"]
[EventType "tourn"]
[EventRounds "16"]
[EventCountry "ROU"]
[EventCategory "7"]
[SourceTitle "EXT 1997"]
[Source "ChessBase"]
[SourceDate "1996.11.15"]
[SourceVersion "1"]
[SourceVersionDate "1996.11.15"]
[SourceQuality "1"]

1. e4 c5 2. Nf3 d6 3. c3 Nf6 4. Be2 Nbd7 5. d3 e6 6. 0-0 b6 7. Re1 Bb7 8. Nbd2 Be7 9. Bf1 0-0 10. d4 cxd4 11. cxd4 Rc8 12. Bd3 e5 13. Nb3 exd4 14. Nfxd4 Nc5 15. Nxc5 dxc5 16. Nf5 c4 17. Nxe7+ Qxe7 18. Bc2 Rfd8 19. Qe2 Nd7 20. Be3 Ne5 21. Rad1 Nd3 22. Bxd3 cxd3 23. Rxd3 Qxe4 24. Rxd8+ Rxd8 25. f3 1/2-1/2

[Event "ROM-ch"]
[Site "Predeal"]
[Date "1988.??.??"]
[Round "13"]
[White "Ghinda, Mihail Viorel"]
[Black "Biriescu, Ioan"]
[Result "1-0"]
[WhiteElo "2455"]
[BlackElo "2370"]
[PlyCount "37"]
[EventDate "1988.??.??"]
[EventType "tourn"]
[EventRounds "16"]
[EventCountry "ROU"]
[EventCategory "7"]
[SourceTitle "EXT 1997"]
[Source "ChessBase"]
[SourceDate "1996.11.15"]
[SourceVersion "1"]
[SourceVersionDate "1996.11.15"]
[SourceQuality "1"]

1. d4 Nf6 2. c4 c5 3. d5 e6 4. Nc3 exd5 5. cxd5 Bd6 6. Nf3 0-0 7. Bg5 Bc7 8. d6 Ba5 9. e4 Nc6 10. Bd3 c4 11. Bc2 Re8 12. 0-0 Bxc3 13. bxc3 Re6 14. Re1 Qa5 15. e5 Ng4 16. Bf4 g6 17. Qd2 b6 18. Be4 Bb7 19. h3 1-0

[Event "ROM-ch"]
[Site "Predeal"]
[Date "1988.??.??"]
[Round "3"]
[White "Ionescu, Constantin"]
[Black "Biriescu, Ioan"]
[Result "1/2-1/2"]
[WhiteElo "2465"]
[BlackElo "2370"]
[PlyCount "78"]
[EventDate "1988.??.??"]
[EventType "tourn"]
[EventRounds "16"]
[EventCountry "ROU"]
[EventCategory "7"]
[SourceTitle "EXT 1997"]
[Source "ChessBase"]
[SourceDate "1996.11.15"]
[SourceVersion "1"]
[SourceVersionDate "1996.11.15"]
[SourceQuality "1"]

1. d4 Nf6 2. c4 c5 3. d5 b5 4. cxb5 a6 5. e3 axb5 6. Bxb5 Qa5+ 7. Nc3 Bb7 8. Nge2 Bxd5 9. 0-0 Bc6 10. a4 g6 11. Bd2 Qb6 12. e4 Bg7 13. Nf4 Nxe4 14. Nfd5 Bxd5 15. Nxd5 Qb7 16. Bf4 0-0 17. Nxe7+ Kh8 18. Qb3 d6 19. Qd5 Qxd5 20. Nxd5 Bxb2 21. Rae1 f5 22. Bh6 Rd8 23. f3 Bd4+ 24. Be3 Nc3 25. Nc7 Ra7 26. Ne6 Bxe3+ 27. Rxe3 Re7 28. Rfe1 Nd5 29. R3e2 Rc8 30. Rd2 Nc3 31. Rxd6 Nxb5 32. axb5 c4 33. Kf2 c3 34. Rc1 Nd7 35. Nd4 Ne5 36. Rc2 Nd3+ 37. Kg3 Nb4 38. Rc1 Nd3 39. Rc2 Nb4 1/2-1/2

[Event "ROM-ch"]
[Site "Predeal"]
[Date "1988.??.??"]
[Round "11"]
[White "Negulescu, Adrian"]
[Black "Biriescu, Ioan"]
[Result "1/2-1/2"]
[WhiteElo "2430"]
[BlackElo "2370"]
[PlyCount "23"]
[EventDate "1988.??.??"]
[EventType "tourn"]
[EventRounds "16"]
[EventCountry "ROU"]
[EventCategory "7"]
[SourceTitle "EXT 1997"]
[Source "ChessBase"]
[SourceDate "1996.11.15"]
[SourceVersion "1"]
[SourceVersionDate "1996.11.15"]
[SourceQuality "1"]

1. c4 c5 2. Nf3 Nf6 3. e3 g6 4. d4 Bg7 5. Be2 cxd4 6. Nxd4 0-0 7. 0-0 Nc6 8. Nc3 d6 9. b3 d5 10. Bb2 Nxd4 11. exd4 b6 12. Bf3 1/2-1/2

[Event "Vienna op"]
[Site "Vienna"]
[Date "1986.??.??"]
[Round "?"]
[White "Biriescu, Ioan"]
[Black "Matanovic, Aleksandar"]
[Result "1/2-1/2"]
[WhiteElo "2320"]
[BlackElo "2495"]
[PlyCount "36"]
[EventDate "1986.11.??"]
[EventType "swiss"]
[EventRounds "9"]
[EventCountry "AUT"]
[SourceTitle "CBM 001"]
[Source "ChessBase"]
[SourceDate "2004.01.01"]
[SourceVersion "1"]
[SourceVersionDate "2004.01.01"]
[SourceQuality "1"]

1. e4 e5 2. Nf3 Nc6 3. Bc4 Bc5 4. Nc3 Nf6 5. d3 h6 6. Be3 Bb6 7. h3 d6 8. a3 Be6 9. Bxe6 fxe6 10. Bxb6 axb6 11. d4 exd4 12. Nxd4 Qd7 13. 0-0 Nxd4 14. Qxd4 e5 15. Qc4 Qf7 16. Qb5+ Qd7 17. Qc4 Qf7 18. Qb5+ Qd7 1/2-1/2

[Event "Vienna op"]
[Site "Vienna"]
[Date "1986.??.??"]
[Round "?"]
[White "Danner, Georg"]
[Black "Biriescu, Ioan"]
[Result "1/2-1/2"]
[WhiteElo "2385"]
[BlackElo "2320"]
[PlyCount "73"]
[EventDate "1986.11.??"]
[EventType "swiss"]
[EventRounds "9"]
[EventCountry "AUT"]
[SourceTitle "EXT 2002"]
[Source "ChessBase"]
[SourceDate "2001.11.25"]
[SourceVersion "1"]
[SourceVersionDate "2001.11.25"]
[SourceQuality "1"]

1. d4 Nf6 2. c4 c5 3. d5 b5 4. cxb5 a6 5. bxa6 g6 6. g3 Bg7 7. Nh3 d6 8. Nf4 0-0 9. h4 Nbd7 10. h5 Ne5 11. hxg6 hxg6 12. Nc3 Qa5 13. Bg2 Bxa6 14. Qc2 Rfb8 15. 0-0 Nc4 16. Rb1 Nd7 17. Bd2 Nxd2 18. Qxd2 Nb6 19. Ne6 fxe6 20. dxe6 Rf8 21. Bxa8 Nxa8 22. b4 Bxc3 23. Qxc3 cxb4 24. Rxb4 Nc7 25. Rc4 Qxc3 26. Rxc3 Nxe6 27. Re3 Rf6 28. Rb1 Kf7 29. Rb6 Bc4 30. a4 Nd4 31. Kf1 Rf5 32. Rb7 Ra5 33. Rbxe7+ Kf6 34. R7e4 Rxa4 35. Rxd4 Bxe2+ 36. Kxe2 Rxd4 37. Rd3 1/2-1/2

[Event "Vienna op"]
[Site "Vienna"]
[Date "1986.??.??"]
[Round "?"]
[White "Hausner, Ivan"]
[Black "Biriescu, Ioan"]
[Result "0-1"]
[WhiteElo "2400"]
[BlackElo "2320"]
[PlyCount "98"]
[EventDate "1986.11.??"]
[EventType "swiss"]
[EventRounds "9"]
[EventCountry "AUT"]
[SourceTitle "CBM 001"]
[Source "ChessBase"]
[SourceDate "2004.01.01"]
[SourceVersion "1"]
[SourceVersionDate "2004.01.01"]
[SourceQuality "1"]

1. c4 c5 2. Nf3 Nf6 3. g3 d5 4. Bg2 Nc6 5. cxd5 Nxd5 6. Nc3 Nc7 7. Qa4 Bd7 8. Qe4 g6 9. Ne5 Bg7 10. Nxd7 Qxd7 11. 0-0 Rc8 12. Qa4 Ne6 13. d3 0-0 14. Bd2 Rfd8 15. Rfe1 c4 16. Rad1 cxd3 17. Be3 Ned4 18. exd3 Qg4 19. Kh1 Qh5 20. h3 Nf3 21. Rf1 Bd4 22. Qb5 Qxb5 23. Nxb5 Bxe3 24. Bxf3 Bb6 25. Nc3 Rd7 26. Na4 Ne5 27. Nxb6 axb6 28. Be4 Rcd8 29. Rfe1 Kf8 30. d4 Rxd4 31. Rxd4 Rxd4 32. Bxb7 Nd3 33. Re2 Nc1 34. Rc2 Nxa2 35. Rc6 Rb4 36. Rc2 Rd4 37. Rc6 Rd6 38. Rc8+ Kg7 39. Bg2 Rd2 40. b3 Nb4 41. Rc4 Nd3 42. Rc6 Rxf2 43. Kg1 Rf6 44. Rc7 Re6 45. Bd5 Re3 46. Kg2 Nc5 47. Kf2 Re5 48. Bc4 Ne4+ 49. Kg2 Nd6 0-1

[Event "Bucharest"]
[Site "Bucharest"]
[Date "1984.??.??"]
[Round "5"]
[White "Biriescu, Ioan"]
[Black "Grivas, Efstratios"]
[Result "1/2-1/2"]
[WhiteElo "2340"]
[BlackElo "2325"]
[PlyCount "26"]
[EventDate "1984.??.??"]
[EventType "tourn"]
[EventRounds "12"]
[EventCountry "ROU"]
[SourceTitle "EXT 2024"]
[Source "ChessBase"]
[SourceDate "2023.10.10"]
[SourceVersion "1"]
[SourceVersionDate "2023.10.10"]
[SourceQuality "1"]

1. e4 e5 2. Nf3 Nc6 3. Bb5 a6 4. Ba4 Nf6 5. d4 exd4 6. 0-0 Be7 7. Re1 b5 8. Bb3 d6 9. Bd5 Bd7 10. Nxd4 Nxd5 11. Nxc6 Bxc6 12. exd5 Bb7 13. a4 Qd7 1/2-1/2

[Event "Elekes Memorial-06 Group B"]
[Site "Budapest"]
[Date "1981.07.??"]
[Round "?"]
[White "Banas, Jan"]
[Black "Biriescu, Ioan"]
[Result "1-0"]
[WhiteElo "2375"]
[BlackElo "2340"]
[PlyCount "125"]
[EventDate "1981.07.12"]
[EventType "tourn"]
[EventRounds "13"]
[EventCountry "HUN"]
[EventCategory "4"]
[SourceTitle "EXT 1998"]
[Source "ChessBase"]
[SourceDate "1997.11.17"]
[SourceVersion "1"]
[SourceVersionDate "1997.11.17"]
[SourceQuality "1"]

1. e4 c5 2. Nf3 Nc6 3. d4 cxd4 4. Nxd4 Nf6 5. Nc3 e6 6. Ndb5 d6 7. Bf4 e5 8. Bg5 a6 9. Na3 b5 10. Nd5 Be7 11. Nxe7 Nxe7 12. Bxf6 gxf6 13. Qf3 f5 14. exf5 Bxf5 15. Bd3 Be6 16. 0-0 d5 17. Rfd1 Qc7 18. Qf6 0-0-0 19. Nb1 d4 20. Re1 Nc6 21. a4 Rhg8 22. axb5 axb5 23. Ra8+ Kd7 24. Rxd8+ Qxd8 25. Qxd8+ Kxd8 26. Bxh7 Rg7 27. Be4 Na7 28. Bd3 f6 29. Nd2 Bd5 30. g3 Rb7 31. Ra1 Nc6 32. c3 Ke7 33. h4 dxc3 34. bxc3 Nd8 35. Rb1 Bc6 36. Kf1 Nf7 37. Nb3 Rd7 38. Ke2 Nd6 39. Na5 Be4 40. Nb3 Ra7 41. Ra1 Rc7 42. Nd2 Bd5 43. Ra3 Ke6 44. f3 f5 45. Kf2 Rc5 46. Be2 Rc7 47. Nf1 f4 48. gxf4 exf4 49. Bd3 Bc4 50. Bg6 Kf6 51. h5 Re7 52. Ra6 Re6 53. Rc6 Kg7 54. Nh2 Re2+ 55. Kg1 Nf7 56. Rc7 Re1+ 57. Kg2 Re2+ 58. Kh3 Rf2 59. Bxf7 Bxf7 60. h6+ Kg6 61. h7 Be6+ 62. Ng4 Rxf3+ 63. Kh2 1-0

[Event "Elekes Memorial-06 Group B"]
[Site "Budapest"]
[Date "1981.07.??"]
[Round "?"]
[White "Biriescu, Ioan"]
[Black "Glatt, Gabor"]
[Result "1-0"]
[WhiteElo "2340"]
[BlackElo "2300"]
[PlyCount "79"]
[EventDate "1981.07.12"]
[EventType "tourn"]
[EventRounds "13"]
[EventCountry "HUN"]
[EventCategory "4"]
[SourceTitle "EXT 1998"]
[Source "ChessBase"]
[SourceDate "1997.11.17"]
[SourceVersion "1"]
[SourceVersionDate "1997.11.17"]
[SourceQuality "1"]

1. e4 c5 2. Nf3 e6 3. b3 Nc6 4. Bb2 Nf6 5. e5 Nd5 6. g3 Be7 7. Bg2 0-0 8. 0-0 Rb8 9. c4 Nc7 10. d4 d5 11. exd6 Bxd6 12. dxc5 Bxc5 13. Nbd2 Qe7 14. Qe2 Rd8 15. Ne4 Nd4 16. Nxd4 Bxd4 17. Bxd4 Rxd4 18. Rad1 Rxd1 19. Rxd1 b6 20. Qd3 Ne8 21. Nd6 g6 22. Nxe8 Qxe8 23. Qd8 Ba6 24. Qxe8+ Rxe8 25. Rd7 Bc8 26. Rxa7 Rd8 27. Bf3 Rd3 28. Ra8 Rxf3 29. Rxc8+ Kg7 30. Rc6 h5 31. Rxb6 g5 32. a4 h4 33. Kg2 Rc3 34. a5 e5 35. a6 g4 36. gxh4 Rc1 37. Rb5 Re1 38. Ra5 f5 39. a7 f4 40. Rxe5 1-0

[Event "Zamardi IM"]
[Site "Zamardi"]
[Date "1980.??.??"]
[Round "?"]
[White "Biriescu, Ioan"]
[Black "Mista, Ladislav"]
[Result "0-1"]
[WhiteElo "2380"]
[BlackElo "2360"]
[PlyCount "28"]
[EventDate "1980.04.??"]
[EventType "tourn"]
[EventRounds "17"]
[EventCountry "HUN"]
[EventCategory "4"]
[SourceTitle "MCD"]
[Source "ChessBase"]
[SourceDate "1999.07.01"]
[SourceVersion "1"]
[SourceVersionDate "1999.07.01"]
[SourceQuality "1"]

1. e4 c5 2. Nf3 d6 3. Bb5+ Nd7 4. c3 Ngf6 5. Qe2 a6 6. Ba4 b5 7. Bc2 Bb7 8. 0-0 g6 9. d4 Bg7 10. Nbd2 0-0 11. a4 e5 12. dxe5 Nxe5 13. axb5 axb5 14. Qxb5 Rxa1 0-1

[Event "Zamardi IM"]
[Site "Zamardi"]
[Date "1980.??.??"]
[Round "?"]
[White "Lilienthal, Andor"]
[Black "Biriescu, Ioan"]
[Result "1-0"]
[WhiteElo "2385"]
[BlackElo "2380"]
[PlyCount "68"]
[EventDate "1980.04.??"]
[EventType "tourn"]
[EventRounds "17"]
[EventCountry "HUN"]
[EventCategory "4"]
[SourceTitle "MCD"]
[Source "ChessBase"]
[SourceDate "1999.07.01"]
[SourceVersion "1"]
[SourceVersionDate "1999.07.01"]
[SourceQuality "1"]

1. c4 c5 2. Nc3 Nc6 3. g3 g6 4. Bg2 Bg7 5. d3 e6 6. Bd2 Nge7 7. h4 b6 8. a3 d5 9. Rb1 dxc4 10. dxc4 h6 11. Qc1 Bb7 12. Nh3 Qd7 13. 0-0 Nd4 14. Bxb7 Qxb7 15. b3 Nef5 16. Be1 Rd8 17. f3 Qb8 18. Nf4 Be5 19. e3 Nc6 20. Nce2 g5 21. Nh5 Rg8 22. hxg5 Rxg5 23. g4 Rd3 24. Bf2 Bd4 25. exd4 Rxf3 26. Qxg5 hxg5 27. gxf5 cxd4 28. Bg3 Rxf1+ 29. Rxf1 e5 30. Nf6+ Ke7 31. Nd5+ Kd6 32. Re1 Qc8 33. Nxd4 Nxd4 34. Bxe5+ Kd7 1-0